000 00302nam a22001337a 4500
008 170131b xxu||||| |||| 00| 0 eng d
020 _a0910701253
041 _aeng
080 _a61
100 _a3
101 _aSHMI
245 _aTHE WELL-MANAGED COMMUNITY HOSPITAL
_cGRIFFITH, J.R
942 _2udc
_cBK
999 _c4050
_d4050